[Event "Manitoba-ch"]
[Site "Winnipeg CAN"]
[Date "2011.06.14"]
[Round "3.2"]
[White "Zaczek, Jonathon"]
[Black "Vincent, Trevor"]
[Result "0-1"]
[WhiteElo "2126"]
[BlackElo "2131"]
[PlyCount "60"]
[GameId "2160767909778986"]
[EventDate "2011.04.05"]
[EventType "k.o."]
[EventRounds "3"]
[EventCountry "CAN"]
[SourceTitle "EXT 2019"]
[Source "ChessBase"]
[SourceDate "2018.10.10"]
[SourceVersion "1"]
[SourceVersionDate "2018.10.10"]
[SourceQuality "1"]

1. e4 c5 2. Nf3 e6 3. d4 cxd4 4. Nxd4 Nc6 5. Nb5 d6 6. c4 Nf6 7. N1c3 a6 8. Nd4 Be7 9. Be2 O-O 10. O-O d5 11. Nxc6 bxc6 12. cxd5 cxd5 13. exd5 Nxd5 14. Bf3 Bb7 15. Qb3 Rb8 16. Rd1 Qe8 17. Bf4 Nxc3 18. Qxc3 Bxf3 19. gxf3 Rb5 20. Be5 Rc5 21. Qe3 Qb5 22. a4 Qc6 23. Rac1 Qxa4 24. Rd4 Rxc1+ 25. Qxc1 Qa5 26. Qe3 Rd8 27. Rg4 g6 28. h4 h5 29. Rg5 Rd1+ 30. Kh2 Qe1 0-1

[Event "Manitoba-ch U20"]
[Site "Winnipeg CAN"]
[Date "2011.11.19"]
[Round "1"]
[White "De los Santos, Christopher"]
[Black "Iomdina, Alexander"]
[Result "1-0"]
[WhiteElo "1913"]
[BlackElo "1421"]
[PlyCount "81"]
[GameId "2160767909573485"]
[EventDate "2011.11.19"]
[EventType "swiss"]
[EventRounds "4"]
[EventCountry "CAN"]
[SourceTitle "EXT 2022"]
[Source "ChessBase"]
[SourceDate "2021.10.06"]
[SourceVersion "1"]
[SourceVersionDate "2021.10.06"]
[SourceQuality "1"]

1. d4 Nf6 2. c4 e6 3. Nf3 c5 4. d5 Bd6 5. Nc3 O-O 6. e4 Qc7 7. Nb5 Qb6 8. Nxd6 Qxd6 9. e5 Qe7 10. Bg5 Qd8 11. exf6 gxf6 12. Bh6 Re8 13. Be2 exd5 14. cxd5 Qe7 15. O-O Qxe2 16. Qxe2 Rxe2 17. Rfe1 Re5 18. Nxe5 fxe5 19. Rxe5 f6 20. Re8+ Kf7 21. Rxc8 d6 22. Re1 b5 23. Ree8 b4 24. Rxb8 Rxb8 25. Rxb8 Kg6 26. Bf4 Kf5 27. Bxd6 Ke4 28. Bxc5 Kxd5 29. Bxb4 f5 30. Rb7 a6 31. Rxh7 a5 32. Bxa5 Ke4 33. Rd7 Kf4 34. b4 Ke4 35. b5 f4 36. b6 f3 37. b7 fxg2 38. b8=Q Kf5 39. Qf8+ Kg6 40. Rg7+ Kh6 41. Qh8# 1-0

[Event "Manitoba-ch U20"]
[Site "Winnipeg CAN"]
[Date "2011.11.19"]
[Round "1"]
[White "Schwartz, Leah"]
[Black "Wasserman, Leor"]
[Result "0-1"]
[WhiteElo "1825"]
[BlackElo "1241"]
[PlyCount "98"]
[GameId "2160767909573486"]
[EventDate "2011.11.19"]
[EventType "swiss"]
[EventRounds "4"]
[EventCountry "CAN"]
[SourceTitle "EXT 2022"]
[Source "ChessBase"]
[SourceDate "2021.10.06"]
[SourceVersion "1"]
[SourceVersionDate "2021.10.06"]
[SourceQuality "1"]

1. d4 d5 2. c4 e6 3. Nc3 Nf6 4. Bg5 c6 5. e3 Nbd7 6. Bd3 Bb4 7. Qc2 h6 8. Bh4 Qa5 9. Nge2 O-O 10. O-O-O dxc4 11. Bxc4 b5 12. Bd3 Bxc3 13. Nxc3 Nd5 14. Ne4 Nb4 15. Qd2 Nxa2+ 16. Kb1 Nb4 17. f4 Qa2+ 18. Kc1 Nxd3+ 19. Qxd3 Nb6 20. Nc3 Qb3 21. Ne2 Qxd3 22. Rxd3 b4 23. g4 Ba6 24. Rd2 Nc4 25. Rc2 Nxe3 26. Rd2 Bxe2 27. Rxe2 Nxg4 28. Rg1 h5 29. h3 Nh6 30. Bf6 Nf5 31. b3 Kh7 32. Bg5 f6 33. Bxf6 Rxf6 34. Rg5 g6 35. Reg2 Nxd4 36. Kb2 Rd8 37. Rd2 Rxf4 38. Rg4 hxg4 39. hxg4 Rf3 40. Ka2 Rxb3 41. Rd1 Ra3+ 42. Kb2 Rf8 43. Rd2 Rff3 44. Rh2+ Kg7 45. Rg2 Rfb3+ 46. Kc1 Ra1+ 47. Kd2 Ra2+ 48. Kd1 Rxg2 49. g5 Rb1# 0-1

[Event "Manitoba-ch U20"]
[Site "Winnipeg CAN"]
[Date "2011.11.19"]
[Round "1"]
[White "Wolchock, Theo"]
[Black "Li, Kevin"]
[Result "0-1"]
[WhiteElo "1669"]
[BlackElo "2203"]
[PlyCount "98"]
[GameId "2160767909573487"]
[EventDate "2011.11.19"]
[EventType "swiss"]
[EventRounds "4"]
[EventCountry "CAN"]
[SourceTitle "EXT 2022"]
[Source "ChessBase"]
[SourceDate "2021.10.06"]
[SourceVersion "1"]
[SourceVersionDate "2021.10.06"]
[SourceQuality "1"]

1. c4 Nf6 2. g3 e6 3. Bg2 d5 4. cxd5 exd5 5. Nc3 c6 6. e3 Bf5 7. Nge2 Nbd7 8. O-O Be7 9. d3 Nc5 10. Nf4 g5 11. d4 Nce4 12. Nd3 h5 13. f3 Nd6 14. Qe2 g4 15. e4 gxf3 16. Bxf3 dxe4 17. Nxe4 Bxe4 18. Bxe4 Nfxe4 19. Qf3 Qb6 20. Be3 Qb5 21. Ne5 Qd5 22. b3 O-O-O 23. Nxf7 Nxf7 24. Qxf7 Bg5 25. Bxg5 Qxf7 26. Rxf7 Nxg5 27. Rg7 Rd5 28. Rf1 Rhd8 29. h4 Ne6 30. Re7 Nxd4 31. Rff7 R5d7 32. Rxd7 Rxd7 33. Rxd7 Kxd7 34. Kf2 Ke6 35. Ke3 Ke5 36. Kf2 Ke4 37. Ke1 Ke3 38. Kf1 a5 39. Kg2 b5 40. Kh2 Kf3 41. Kh3 Nc2 42. Kh2 c5 43. Kg1 Ne3 44. Kh2 b4 45. Kg1 Nd1 46. Kh2 Ne3 47. Kh3 Nf1 48. a3 bxa3 49. g4 hxg4# 0-1

[Event "Manitoba-ch U20"]
[Site "Winnipeg CAN"]
[Date "2011.11.19"]
[Round "2"]
[White "Iomdina, Alexander"]
[Black "Schwartz, Leah"]
[Result "1-0"]
[WhiteElo "1421"]
[BlackElo "1241"]
[PlyCount "55"]
[GameId "2160767909573488"]
[EventDate "2011.11.19"]
[EventType "swiss"]
[EventRounds "4"]
[EventCountry "CAN"]
[SourceTitle "EXT 2022"]
[Source "ChessBase"]
[SourceDate "2021.10.06"]
[SourceVersion "1"]
[SourceVersionDate "2021.10.06"]
[SourceQuality "1"]

1. d4 Nf6 2. c4 g6 3. Nc3 d5 4. cxd5 Nxd5 5. e4 Nxc3 6. bxc3 Bg7 7. Bc4 c5 8. Ne2 Nc6 9. Be3 O-O 10. O-O Bd7 11. Qc2 Qc7 12. Rac1 Rac8 13. Rfd1 a6 14. a4 Rb8 15. Rb1 Na5 16. Bd3 b5 17. axb5 axb5 18. dxc5 Nc4 19. Bxc4 bxc4 20. Qa2 Ra8 21. Qxc4 Ra4 22. Qd3 Rd8 23. Rb4 Rxb4 24. cxb4 Ba4 25. Qxd8+ Qxd8 26. Rxd8+ Bf8 27. Bh6 Bb5 28. Rxf8# 1-0

[Event "Manitoba-ch U20"]
[Site "Winnipeg CAN"]
[Date "2011.11.19"]
[Round "2"]
[White "Li, Kevin"]
[Black "De los Santos, Christopher"]
[Result "1-0"]
[WhiteElo "2203"]
[BlackElo "1913"]
[PlyCount "61"]
[GameId "2160767909573489"]
[EventDate "2011.11.19"]
[EventType "swiss"]
[EventRounds "4"]
[EventCountry "CAN"]
[SourceTitle "EXT 2022"]
[Source "ChessBase"]
[SourceDate "2021.10.06"]
[SourceVersion "1"]
[SourceVersionDate "2021.10.06"]
[SourceQuality "1"]

1. e4 c6 2. Nc3 d5 3. Nf3 dxe4 4. Nxe4 Bf5 5. Ng3 Bg6 6. Ne5 Nf6 7. h4 Nbd7 8. Nxd7 Qxd7 9. h5 Bf5 10. Nxf5 Qxf5 11. Bd3 Qg4 12. Qxg4 Nxg4 13. c3 O-O-O 14. Bf5+ e6 15. Bxg4 Be7 16. d4 c5 17. Be3 cxd4 18. Bxd4 Rhg8 19. O-O-O Rd5 20. f4 Kb8 21. Be5+ Ka8 22. Bf3 Rxd1+ 23. Rxd1 f6 24. Rd7 fxe5 25. Rxb7 a6 26. Rxe7+ Kb8 27. Rb7+ Kc8 28. Ra7 Rd8 29. Ra8+ Kc7 30. Rxd8 Kxd8 31. fxe5 1-0

[Event "Manitoba-ch U20"]
[Site "Winnipeg CAN"]
[Date "2011.11.19"]
[Round "2"]
[White "Wasserman, Leor"]
[Black "Wolchock, Theo"]
[Result "1-0"]
[WhiteElo "1825"]
[BlackElo "1669"]
[PlyCount "121"]
[GameId "2160767909573490"]
[EventDate "2011.11.19"]
[EventType "swiss"]
[EventRounds "4"]
[EventCountry "CAN"]
[SourceTitle "EXT 2022"]
[Source "ChessBase"]
[SourceDate "2021.10.06"]
[SourceVersion "1"]
[SourceVersionDate "2021.10.06"]
[SourceQuality "1"]

1. e4 c5 2. Nf3 g6 3. d4 cxd4 4. Nxd4 Bg7 5. Nc3 d6 6. Be3 Bd7 7. Bc4 Nf6 8. f3 O-O 9. Qd2 Nc6 10. O-O-O Rc8 11. Bb3 Na5 12. Bg5 Nxb3+ 13. Nxb3 b5 14. e5 b4 15. Ne2 Bf5 16. Ned4 dxe5 17. Nxf5 Qxd2+ 18. Bxd2 gxf5 19. Bxb4 Rc7 20. Rhe1 Rfc8 21. c3 e4 22. fxe4 Nxe4 23. Re2 e6 24. Kb1 Bf6 25. Rf1 Bg5 26. g4 h6 27. gxf5 exf5 28. Rxf5 Re8 29. Rg2 Kh7 30. Rf1 Rd7 31. Bc5 Nxc5 32. Nxc5 Rde7 33. Nb3 f5 34. Nd4 Re1+ 35. Rxe1 Rxe1+ 36. Kc2 Rc1+ 37. Kb3 f4 38. Ne6 f3 39. Rf2 Kg6 40. Nxg5 hxg5 41. Rxf3 Rh1 42. Rf2 Kg7 43. c4 g4 44. c5 Rc1 45. Rc2 Rxc2 46. Kxc2 Kf7 47. Kd3 g3 48. hxg3 a5 49. Kd4 Ke7 50. Kd5 Kd7 51. c6+ Kc7 52. g4 a4 53. g5 a3 54. bxa3 Kd8 55. Kd6 Kc8 56. c7 Kb7 57. Kd7 Kb6 58. c8=Q Kb5 59. Qc6+ Ka5 60. Qb7 Ka4 61. Qb4# 1-0

[Event "Manitoba-ch U20"]
[Site "Winnipeg CAN"]
[Date "2011.11.20"]
[Round "3"]
[White "De los Santos, Christopher"]
[Black "Baron, Cody"]
[Result "1-0"]
[WhiteElo "1913"]
[BlackElo "1352"]
[PlyCount "43"]
[GameId "2160767909573492"]
[EventDate "2011.11.19"]
[EventType "swiss"]
[EventRounds "4"]
[EventCountry "CAN"]
[SourceTitle "EXT 2022"]
[Source "ChessBase"]
[SourceDate "2021.10.06"]
[SourceVersion "1"]
[SourceVersionDate "2021.10.06"]
[SourceQuality "1"]

1. d4 Nf6 2. c4 g6 3. g3 Bg7 4. Bg2 d6 5. Nf3 O-O 6. O-O Nbd7 7. Nc3 e5 8. dxe5 dxe5 9. Qc2 c6 10. Rb1 Qc7 11. b3 Re8 12. Bb2 Nc5 13. Nd2 Qe7 14. Ba3 Nfd7 15. Nde4 Rb8 16. Na4 Bf8 17. Naxc5 Nxc5 18. Bxc5 Qe6 19. Bxa7 Ra8 20. Bc5 Bh6 21. Rbd1 Qf5 22. g4 1-0

[Event "Manitoba-ch U20"]
[Site "Winnipeg CAN"]
[Date "2011.11.20"]
[Round "3"]
[White "Wasserman, Leor"]
[Black "Li, Kevin"]
[Result "1/2-1/2"]
[WhiteElo "1825"]
[BlackElo "2203"]
[PlyCount "46"]
[GameId "2160767909573494"]
[EventDate "2011.11.19"]
[EventType "swiss"]
[EventRounds "4"]
[EventCountry "CAN"]
[SourceTitle "EXT 2022"]
[Source "ChessBase"]
[SourceDate "2021.10.06"]
[SourceVersion "1"]
[SourceVersionDate "2021.10.06"]
[SourceQuality "1"]

1. e4 c5 2. Nf3 Nc6 3. d4 cxd4 4. Nxd4 Nf6 5. Nc3 e6 6. Nxc6 bxc6 7. e5 Nd5 8. Nxd5 cxd5 9. Bd3 d6 10. exd6 Bxd6 11. O-O O-O 12. f4 f5 13. Be3 e5 14. fxe5 Bxe5 15. c3 Qh4 16. g3 Bxg3 17. Qd2 f4 18. Bc5 Bh3 19. Bxf8 Bxf1 20. Bxf1 Rxf8 21. hxg3 Qxg3+ 22. Qg2 Qh4 23. Qxd5+ Kh8 1/2-1/2

[Event "Manitoba-ch U20"]
[Site "Winnipeg CAN"]
[Date "2011.11.20"]
[Round "3"]
[White "Wolchock, Theo"]
[Black "Schwartz, Leah"]
[Result "1-0"]
[WhiteElo "1669"]
[BlackElo "1241"]
[PlyCount "91"]
[GameId "2160767909573495"]
[EventDate "2011.11.19"]
[EventType "swiss"]
[EventRounds "4"]
[EventCountry "CAN"]
[SourceTitle "EXT 2022"]
[Source "ChessBase"]
[SourceDate "2021.10.06"]
[SourceVersion "1"]
[SourceVersionDate "2021.10.06"]
[SourceQuality "1"]

1. c4 c5 2. g3 g6 3. Bg2 Bg7 4. Nc3 Nc6 5. e3 e5 6. Nge2 Nge7 7. O-O O-O 8. a3 d6 9. d3 Be6 10. Qc2 Qd7 11. Rd1 Rab8 12. b3 a6 13. Bb2 b5 14. cxb5 axb5 15. Na2 Rfe8 16. d4 exd4 17. exd4 c4 18. b4 d5 19. Re1 Nf5 20. Rad1 Nd6 21. Nac3 Re7 22. Nxd5 Bxd5 23. Bxd5 Qf5 24. Qxf5 Nxf5 25. Bxc6 Rc7 26. Bg2 Rd8 27. Bc3 Re7 28. d5 Bxc3 29. Nxc3 Red7 30. Nxb5 Nd6 31. Nxd6 Rxd6 32. Rc1 Rc8 33. Rc3 Rd7 34. Rec1 Rdc7 35. d6 Rd7 36. Rxc4 Rxc4 37. Rxc4 Rxd6 38. b5 Rb6 39. Rb4 Kf8 40. a4 Ke7 41. a5 Rb7 42. Bxb7 Kd7 43. a6 Kc7 44. b6+ Kb8 45. Rc4 f5 46. Rc8# 1-0

[Event "Manitoba-ch U20"]
[Site "Winnipeg CAN"]
[Date "2011.11.20"]
[Round "4"]
[White "Baron, Cody"]
[Black "Wolchock, Theo"]
[Result "0-1"]
[WhiteElo "1352"]
[BlackElo "1669"]
[PlyCount "102"]
[GameId "2160767909573496"]
[EventDate "2011.11.19"]
[EventType "swiss"]
[EventRounds "4"]
[EventCountry "CAN"]
[SourceTitle "EXT 2022"]
[Source "ChessBase"]
[SourceDate "2021.10.06"]
[SourceVersion "1"]
[SourceVersionDate "2021.10.06"]
[SourceQuality "1"]

1. e4 c5 2. Nf3 g6 3. Nc3 Bg7 4. d4 cxd4 5. Nxd4 Nf6 6. Bf4 d6 7. Ndb5 O-O 8. Qd2 Nc6 9. O-O-O a6 10. Na3 Qb6 11. Nc4 Qc7 12. Be2 Be6 13. Rhe1 Bxc4 14. Bxc4 Rac8 15. Bg5 b5 16. Bd5 b4 17. Bxc6 bxc3 18. Qxc3 Qxc6 19. Qd3 Rb8 20. b3 Rfc8 21. h4 Rb7 22. f3 Rbc7 23. Re2 Qc3 24. Qxa6 Qa1+ 25. Kd2 Rxc2+ 26. Ke1 Rxe2+ 27. Qxe2 Qc3+ 28. Qd2 Qc5 29. Be3 Qe5 30. Bf4 Qb5 31. Qd3 Qa5+ 32. Qd2 Qa8 33. a4 Nh5 34. Rc1 Rxc1+ 35. Qxc1 Nxf4 36. Qxf4 Qa5+ 37. Kd1 Qb4 38. Qe3 Bc3 39. Kc2 Be1 40. Kb2 Bxh4 41. Ka2 Bf6 42. f4 Bd4 43. Qd3 Bc5 44. Kb1 Qe1+ 45. Kc2 Bb4 46. Qd4 Qe2+ 47. Kb1 Bc5 48. Qd5 Qxg2 49. Qa8+ Kg7 50. a5 Ba3 51. e5 Qb2# 0-1

[Event "Manitoba-ch U20"]
[Site "Winnipeg CAN"]
[Date "2011.11.20"]
[Round "4"]
[White "De los Santos, Christopher"]
[Black "Wasserman, Leor"]
[Result "1/2-1/2"]
[WhiteElo "1913"]
[BlackElo "1825"]
[PlyCount "58"]
[GameId "2160767909573497"]
[EventDate "2011.11.19"]
[EventType "swiss"]
[EventRounds "4"]
[EventCountry "CAN"]
[SourceTitle "EXT 2023"]
[Source "ChessBase"]
[SourceDate "2022.10.05"]
[SourceVersion "1"]
[SourceVersionDate "2022.10.05"]
[SourceQuality "1"]

1. c4 e5 2. e4 Nf6 3. Nc3 c5 4. g3 Nc6 5. Bg2 g6 6. Nge2 Bg7 7. O-O O-O 8. d3 d6 9. a3 Bg4 10. Be3 Nd4 11. f3 Be6 12. Nd5 Nxd5 13. cxd5 Bd7 14. Rb1 Qb6 15. b4 Ba4 16. Qd2 Qa6 17. Nc3 Bc2 18. b5 Qxa3 19. Ra1 Nb3 20. Rxa3 Nxd2 21. Bxd2 Bxd3 22. Rfa1 a6 23. bxa6 Bxa6 24. Bf1 Rab8 25. Bxa6 bxa6 26. Rxa6 Rfd8 27. R1a2 f5 28. Ra7 Rdc8 29. Rd7 f4 1/2-1/2

[Event "Manitoba-ch U20"]
[Site "Winnipeg CAN"]
[Date "2011.11.20"]
[Round "4"]
[White "Li, Kevin"]
[Black "Iomdina, Alexander"]
[Result "1/2-1/2"]
[WhiteElo "2203"]
[BlackElo "1421"]
[PlyCount "97"]
[GameId "2160767909573498"]
[EventDate "2011.11.19"]
[EventType "swiss"]
[EventRounds "4"]
[EventCountry "CAN"]
[SourceTitle "EXT 2022"]
[Source "ChessBase"]
[SourceDate "2021.10.06"]
[SourceVersion "1"]
[SourceVersionDate "2021.10.06"]
[SourceQuality "1"]

1. e4 c5 2. Nf3 d6 3. c3 Nf6 4. g3 g6 5. Bg2 Bg7 6. O-O O-O 7. Re1 Bg4 8. h3 Bxf3 9. Qxf3 Nc6 10. d3 Qd7 11. Qe2 Rfe8 12. Be3 b5 13. Nd2 a5 14. d4 cxd4 15. cxd4 Rab8 16. d5 Nb4 17. Nb3 a4 18. Nd4 Rec8 19. a3 Na6 20. Nc6 Rb7 21. Rac1 Rcc7 22. Red1 Nb8 23. f4 Nxc6 24. dxc6 Rxc6 25. Rxc6 Qxc6 26. e5 Ne4 27. Bxe4 Qxe4 28. exd6 Rd7 29. Kf2 Qc6 30. dxe7 Rxe7 31. Rd8+ Re8 32. Rxe8+ Qxe8 33. Qc2 Qd7 34. b3 Qxh3 35. Qd3 Qh2+ 36. Kf3 Qh1+ 37. Ke2 axb3 38. Qxb3 Qg2+ 39. Kd3 Qf1+ 40. Kd2 Qg2+ 41. Kd3 Qc6 42. Bd2 Qd6+ 43. Ke2 Qe6+ 44. Qxe6 fxe6 45. Kd3 Kf7 46. Bb4 Ke8 47. Ke4 Kd7 48. g4 Kc6 49. g5 1/2-1/2

[Event "Manitoba-ch U20 playoff"]
[Site "Winnipeg CAN"]
[Date "2011.12.03"]
[Round "1"]
[White "Wasserman, Leor"]
[Black "Li, Kevin"]
[Result "0-1"]
[WhiteElo "1825"]
[BlackElo "2203"]
[PlyCount "86"]
[GameId "2160767909573336"]
[EventDate "2011.12.03"]
[EventType "match (rapid)"]
[EventRounds "2"]
[EventCountry "CAN"]
[SourceTitle "EXT 2023"]
[Source "ChessBase"]
[SourceDate "2022.10.05"]
[SourceVersion "1"]
[SourceVersionDate "2022.10.05"]
[SourceQuality "1"]

1. e4 c5 2. Nf3 e6 3. d4 cxd4 4. Nxd4 Nf6 5. Nc3 Bb4 6. Bd3 Nc6 7. Nxc6 dxc6 8. O-O e5 9. Bg5 h6 10. Bh4 Be7 11. Qe2 O-O 12. Rad1 Qc7 13. h3 Re8 14. Bc4 b5 15. Bb3 a5 16. a4 b4 17. Nb1 Ba6 18. Bc4 Bxc4 19. Qxc4 Rad8 20. Nd2 Rd4 21. Qe2 Red8 22. Bxf6 Bxf6 23. Nb3 Rxd1 24. Rxd1 Rxd1+ 25. Qxd1 Kf8 26. Nc5 Ke8 27. Na6 Qb6 28. Qd3 Be7 29. Qc4 Bd6 30. Qd3 Ke7 31. Qe2 g6 32. Kh1 Qd4 33. b3 h5 34. g3 Kd7 35. g4 h4 36. g5 Kc8 37. Qg4+ Kb7 38. Qd7+ Kxa6 39. Qc8+ Kb6 40. Qd8+ Bc7 41. Qf6 Qxe4+ 42. Kh2 Qf4+ 43. Qxf4 exf4 0-1

[Event "Manitoba-ch U20 playoff"]
[Site "Winnipeg CAN"]
[Date "2011.12.03"]
[Round "2"]
[White "Li, Kevin"]
[Black "Wasserman, Leor"]
[Result "1-0"]
[WhiteElo "2203"]
[BlackElo "1825"]
[PlyCount "97"]
[GameId "2160767909573337"]
[EventDate "2011.12.03"]
[EventType "match (rapid)"]
[EventRounds "2"]
[EventCountry "CAN"]
[SourceTitle "EXT 2023"]
[Source "ChessBase"]
[SourceDate "2022.10.05"]
[SourceVersion "1"]
[SourceVersionDate "2022.10.05"]
[SourceQuality "1"]

1. e4 c5 2. Nf3 d6 3. d4 Nf6 4. dxc5 Nxe4 5. cxd6 Qb6 6. Qd4 Qxd4 7. Nxd4 exd6 8. Bd3 Nc5 9. Be2 Nc6 10. Nb5 Kd8 11. Bg5+ f6 12. Be3 a6 13. Nd4 Nxd4 14. Bxd4 Bf5 15. c3 Kd7 16. O-O Re8 17. Be3 g5 18. Rd1 Kc7 19. Nd2 b5 20. Bf1 Bg7 21. Nb3 Nxb3 22. axb3 Ra8 23. b4 Rhe8 24. Bd3 Bxd3 25. Rxd3 h6 26. Rd5 Re5 27. Rd3 f5 28. f4 gxf4 29. Bxf4 Re6 30. Re3 Re4 31. Rxe4 fxe4 32. Rd1 Rd8 33. Kf2 Kc6 34. Ke2 d5 35. Be3 Bf8 36. Bd4 Bd6 37. h3 Rg8 38. g4 h5 39. Rg1 h4 40. Bf2 Be7 41. Be3 Bd6 42. Rf1 Kd7 43. Rf5 Ke6 44. Rh5 Bg3 45. Rh6+ Ke5 46. Rxa6 Rf8 47. Bc5 d4 48. cxd4+ Kd5 49. Bxf8 1-0

[Event "Mauricie op"]
[Site "Trois-Rivieres CAN"]
[Date "2011.03.18"]
[Round "1"]
[White "Carrier, Claude"]
[Black "Fortier, Marc-Andre"]
[Result "1-0"]
[WhiteElo "1941"]
[BlackElo "2152"]
[PlyCount "93"]
[GameId "2160767909787341"]
[EventDate "2011.03.18"]
[EventType "swiss"]
[EventRounds "5"]
[EventCountry "CAN"]
[SourceTitle "EXT 2022"]
[Source "ChessBase"]
[SourceDate "2021.10.06"]
[SourceVersion "1"]
[SourceVersionDate "2021.10.06"]
[SourceQuality "1"]

1. e4 c5 2. Nf3 d6 3. d4 cxd4 4. Nxd4 Nf6 5. Nc3 g6 6. Be3 Bg7 7. Qd2 Ng4 8. Bg5 Qb6 9. Nb3 Be6 10. h3 Ne5 11. Be3 Qd8 12. O-O-O Nbd7 13. Bd4 f6 14. Kb1 a6 15. f4 Nc6 16. Be3 Rc8 17. g4 Bf7 18. h4 Nb6 19. Nd5 Na4 20. Qf2 Bxd5 21. exd5 Nb4 22. c3 Rxc3 23. bxc3 Nxc3+ 24. Kc1 Nbxa2+ 25. Kc2 Qc8 26. Rd4 b5 27. Kb2 f5 28. Bd3 Nb4 29. Qd2 Nbxd5 30. Rc1 Qe6 31. Rxc3 Nxc3 32. Qxc3 O-O 33. gxf5 gxf5 34. Ka2 Rc8 35. Qd2 Bxd4 36. Bxd4 Qd5 37. Qe3 Kf7 38. Bb2 Rg8 39. Qh3 e6 40. Qe3 Re8 41. Be2 Re7 42. Bh5+ Kf8 43. Qc3 e5 44. fxe5 Rxe5 45. Qc8+ Ke7 46. Qe8+ Kf6 47. Qf8+ 1-0

[Event "Mauricie op"]
[Site "Trois-Rivieres CAN"]
[Date "2011.03.18"]
[Round "1"]
[White "Cote-Lalumiere, Tristan"]
[Black "Libersan, Thierry"]
[Result "0-1"]
[WhiteElo "1858"]
[BlackElo "2115"]
[PlyCount "62"]
[GameId "2160767909787342"]
[EventDate "2011.03.18"]
[EventType "swiss"]
[EventRounds "5"]
[EventCountry "CAN"]
[SourceTitle "EXT 2022"]
[Source "ChessBase"]
[SourceDate "2021.10.06"]
[SourceVersion "1"]
[SourceVersionDate "2021.10.06"]
[SourceQuality "1"]

1. e4 c5 2. Nf3 e6 3. Nc3 Nc6 4. Be2 a6 5. O-O Nd4 6. Nxd4 cxd4 7. Nb1 Ne7 8. f4 d5 9. d3 g6 10. Bf3 Bg7 11. Kh1 O-O 12. g4 dxe4 13. dxe4 Bd7 14. c3 dxc3 15. Nxc3 Bxc3 16. bxc3 Bb5 17. Rg1 Qc7 18. Qe1 Rac8 19. Bd2 Nc6 20. Qh4 Qd8 21. Qf2 Qd3 22. Rad1 Rfd8 23. Bc1 Qc4 24. f5 Ne5 25. Rxd8+ Rxd8 26. Qh4 Qd3 27. Bg2 Bc6 28. f6 Bxe4 29. Qg3 Qxg3 30. hxg3 Bxg2+ 31. Kxg2 Nxg4 0-1

[Event "Mauricie op"]
[Site "Trois-Rivieres CAN"]
[Date "2011.03.18"]
[Round "1"]
[White "Drolet, Stephane"]
[Black "Gaulin, Gaetan"]
[Result "1/2-1/2"]
[WhiteElo "2221"]
[BlackElo "1949"]
[PlyCount "252"]
[GameId "2160767909787343"]
[EventDate "2011.03.18"]
[EventType "swiss"]
[EventRounds "5"]
[EventCountry "CAN"]
[SourceTitle "EXT 2022"]
[Source "ChessBase"]
[SourceDate "2021.10.06"]
[SourceVersion "1"]
[SourceVersionDate "2021.10.06"]
[SourceQuality "1"]

1. d4 Nf6 2. Nf3 e6 3. Bf4 c5 4. e3 d5 5. Nbd2 Nc6 6. c3 cxd4 7. exd4 Bd6 8. Bg3 O-O 9. Bd3 Re8 10. Ne5 Qc7 11. f4 Bd7 12. O-O Rac8 13. Bh4 Ne4 14. Nxe4 dxe4 15. Bxe4 f5 16. Bxc6 Bxc6 17. Nxc6 Qxc6 18. Qb3 b5 19. Rad1 Qd5 20. Qxd5 exd5 21. Be1 Re2 22. Bd2 a5 23. Rf2 Re4 24. g3 a4 25. Re1 Rxe1+ 26. Bxe1 Re8 27. Kf1 Kf7 28. Re2 Rb8 29. Rc2 Ke6 30. Ke2 Kd7 31. Kd3 Ra8 32. Re2 g6 33. h3 Rf8 34. Bd2 Rb8 35. Be1 Ra8 36. Ke3 Rb8 37. a3 Ra8 38. Kf3 Rf8 39. Bd2 Rf7 40. Re1 Rf8 41. Rb1 Kc6 42. g4 Kd7 43. g5 Rh8 44. h4 h5 45. gxh6 Rxh6 46. Rh1 Be7 47. Be1 Bf6 48. Bf2 Kc6 49. Kg2 Rh7 50. Kh3 Kd7 51. Rg1 Rh6 52. Be1 Be7 53. Rg2 Bd6 54. Kg3 Be7 55. Kf3 Bf6 56. Bf2 Ke6 57. Bg3 Kf7 58. Rh2 Rh8 59. Ke3 Ke6 60. Kd3 Kd7 61. Kc2 Kc6 62. Bf2 Kd7 63. Rh1 Kc7 64. Be1 Be7 65. Kd3 Kd7 66. Rh2 Bf6 67. Bg3 Be7 68. Rh1 Bf6 69. Ke3 Be7 70. Kf3 Bf6 71. Kg2 Be7 72. Kh3 Bf6 73. Re1 Kd6 74. Re2 Kd7 75. Be1 Kd6 76. Rg2 Rh7 77. b3 axb3 78. Rb2 Kc6 79. Rxb3 Rh8 80. Rb2 Re8 81. Bf2 Ra8 82. Ra2 Be7 83. Be3 Rh8 84. Bf2 Ra8 85. Be1 Rh8 86. Rg2 Rh6 87. Re2 Kd7 88. Re5 Bxa3 89. Rxd5+ Kc6 90. Rd8 Bd6 91. Bg3 Kc7 92. Rg8 Kc6 93. Kg2 Kd5 94. Kf3 b4 95. cxb4 Bxb4 96. Bf2 Be7 97. Ra8 Bxh4 98. Ra5+ Kd6 99. Be3 Bd8 100. Re5 Rh8 101. Bd2 Rh3+ 102. Ke2 Rb3 103. Re8 Kd7 104. Rg8 Rg3 105. Bb4 Bf6 106. d5 Bc3 107. Bxc3 Rxc3 108. Rxg6 Rc5 109. d6 Rd5 110. Rf6 Rxd6 111. Rxf5 Ke6 112. Rf8 Ke7 113. Rh8 Ra6 114. Kf3 Ra4 115. Rh6 Kf7 116. Kg4 Ra5 117. Rb6 Rc5 118. f5 Rc1 119. Rb4 Kf6 120. Rb6+ Kf7 121. Rd6 Rf1 122. Kg5 Rg1+ 123. Kf4 Rf1+ 124. Ke4 Re1+ 125. Kf3 Rf1+ 126. Kg4 Rg1+ 1/2-1/2

[Event "Mauricie op"]
[Site "Trois-Rivieres CAN"]
[Date "2011.03.18"]
[Round "1"]
[White "Johnson, Jesse Jr"]
[Black "Deschamps, Martin"]
[Result "1-0"]
[WhiteElo "2084"]
[BlackElo "1855"]
[PlyCount "43"]
[GameId "2160767909787347"]
[EventDate "2011.03.18"]
[EventType "swiss"]
[EventRounds "5"]
[EventCountry "CAN"]
[SourceTitle "EXT 2022"]
[Source "ChessBase"]
[SourceDate "2021.10.06"]
[SourceVersion "1"]
[SourceVersionDate "2021.10.06"]
[SourceQuality "1"]

1. d4 d5 2. Bf4 Nf6 3. e3 e6 4. Nf3 Be7 5. Ne5 O-O 6. Nd2 Nbd7 7. Bd3 c5 8. c3 Nxe5 9. Bxe5 Bd7 10. Qf3 cxd4 11. exd4 Bc6 12. Qh3 Ne4 13. f3 Ng5 14. Qg3 f6 15. Bf4 Qd7 16. h4 Nf7 17. h5 e5 18. Bxh7+ Kh8 19. Bc2 exf4 20. Qg6 Qe6+ 21. Kd1 Ng5 22. h6 1-0

[Event "Mauricie op"]
[Site "Trois-Rivieres CAN"]
[Date "2011.03.18"]
[Round "1"]
[White "Lalumiere, Claude"]
[Black "Larochelle, Martial"]
[Result "0-1"]
[WhiteElo "1915"]
[BlackElo "2140"]
[PlyCount "58"]
[GameId "2160767909787348"]
[EventDate "2011.03.18"]
[EventType "swiss"]
[EventRounds "5"]
[EventCountry "CAN"]
[SourceTitle "EXT 2022"]
[Source "ChessBase"]
[SourceDate "2021.10.06"]
[SourceVersion "1"]
[SourceVersionDate "2021.10.06"]
[SourceQuality "1"]

1. e4 e5 2. f4 exf4 3. Nf3 g5 4. h3 Bg7 5. Bc4 Nc6 6. d4 h6 7. c3 Nge7 8. Bb3 d6 9. Qd3 O-O 10. Nbd2 d5 11. e5 Bf5 12. Qe2 Qd7 13. Nf1 Na5 14. g3 Nxb3 15. axb3 fxg3 16. Nxg3 Bg6 17. Bd2 Nf5 18. Nf1 Bh5 19. O-O-O Nh4 20. N1h2 Nxf3 21. Nxf3 Qf5 22. Rdf1 Bg6 23. Kd1 Qc2+ 24. Ke1 Bd3 25. Qg2 f6 26. Rfg1 fxe5 27. dxe5 Bxe5 28. h4 Rae8 29. Nxg5 Bg3# 0-1